Jornadas bienales de horticultura /

Guardado en:
Formato: Libro
Publicado: Pedro Luro : Corfo, 1993
Etiquetas: Agregar Etiqueta
Sin Etiquetas, Sea el primero en etiquetar este registro!
LEADER 00347nam a22001215a 4500
001 CEM.cems017335
005 20091123163510.0
008 130507s1993##################000#0#####d
003 CEMS
082 0 4 |a 635 
245 0 0 |a Jornadas bienales de horticultura /  |c Corfo 
260 |a Pedro Luro :  |b Corfo,  |c 1993 
859 |a CEMS  |b BIB. CEMS - Agricultura  |h 635  |i C662  |p A0561.04  |t Ej.1